00444nam a2200085Ia 4500008004100000245015500041260000900196300013200205650002100337180130s9999 xx 000 0 und d cDe la Fuente, David; Barba, Jesus; Rincon, Fernando; Dondo, Julio Daniel; Lopez, Juan CarlosaFlexible, open and efficient embedded multimedia systems c2015 aBook title: Embedded systems : high performance systems, applied principles and practice--Acession number C20720; pages 147-172 aEMBEDDED SYSTEMS